000 01338nam a2200265Ia 4500
003 OSt
005 20220930094835.0
006 a|||||r|||| 00| 0
007 ta
008 220926b |||||||| |||| 00| 0 hin d
024 _a21630
037 _cTheses
040 _aCRL
_cCRL
_bhin
041 _2hin
_ahin
100 _aब्रह्मप्रकाश
110 _aदिल्ली विश्वविद्यालय. कला संकाय. संस्कृत विभाग
_9556411
245 0 _aभट्टोजिदीक्षित और नागेशभट्ट का कारक एवं विभक्तिचिन्तन का तुलनात्मक अध्ययन
246 _aBhaṭṭojidīkṣhit aur nāgeshabhaṭṭa kā kārak evan vibhaktichintan kā tulanātmak adhyayana
260 _c2013
650 _aसंस्कृत साहित्य
700 _a प्रो. मिथिलेश चतुर्वेदी, गा.
_9556412
700 _aदिल्ली विश्वविद्यालय. कला संकाय. संस्कृत विभाग
_9556413
942 _cDIS
_2CC
999 _c887757
_d887757